|
|
|
|
| LEADER |
00000nab a2200000 a 4500 |
| 001 |
vtls011127173 |
| 003 |
SK-MaSNL |
| 005 |
20260303122236.0 |
| 008 |
230207|1996 xo |||||||||||||||||slo| |
| 015 |
|
|
|a SNBRB
|
| 035 |
|
|
|a (uuid)f776e374-5931-4ff6-bfc3-e7afc1ebfa7e
|
| 035 |
|
|
|a (urnnbn)urn:nbn:sk:snk:ar-a09fxm
|
| 035 |
|
|
|a urn:nbn:sk:snk-aba4k6
|
| 040 |
|
|
|a SNKBUCL
|b slo
|c SNKBUCL
|e AACR2
|
| 041 |
0 |
|
|a slo
|
| 044 |
|
|
|a xo
|c SK
|
| 100 |
1 |
|
|a Barabas, Dušan
|4 aut
|9 28443
|
| 245 |
1 |
0 |
|a ERÓZNE JAVY V POVODÍ HORNÁDU
|c Dušan Barabas
|
| 773 |
0 |
|
|t Natura Carpatica : zborník Východoslovenského múzea
|g Roč. 37, č. 1 (1996), s. 63-67
|
| 954 |
|
|
|a odborná, vedecká literatúra pôvodná (slovenská)
|2 lita
|
| 958 |
|
|
|a OND
|
| 958 |
|
|
|a EUIPO
|
| 958 |
|
|
|a article13
|
| 999 |
|
|
|c 1919913
|d 1921843
|